000 00249nam a22001097a 4500
999 _c168044
_d168044
082 _a
_b
100 _aRanjan Trivedi
245 _aChinthan ki arthavartha/
_cby Ranjan Trivedi.
260 _aNew Delhi:
_bVikas,
_c2001.
650 _a
942 _cBK